| 000 | 00739nam a2200205Ia 4500 | ||
|---|---|---|---|
| 999 |
_c39853 _d39853 |
||
| 001 | 6458 | ||
| 003 | GE_BSU | ||
| 005 | 20191010114933.0 | ||
| 008 | 181216s1951||||ge |||||||||||||| ||geo|| | ||
| 040 | _cGE_BSU | ||
| 041 | _ageo | ||
| 080 | _a821.353.1-32 ბ-45 | ||
| 100 |
_aბელიაშვილი, აკაკი _94491 |
||
| 245 |
_aნოველები / _cაკაკი ბელიაშვილი ; რედ. ნიკო შველიძე. |
||
| 264 |
_aთბილისი : _bსაბჭ.აჭარა ; _c1951. |
||
| 300 |
_a554 გვ. ; _c17 სმ. |
||
| 653 | _aნოველები | ||
| 700 |
_aშველიძე, ნიკო _eრედაქტორი _94666 |
||
| 942 |
_cBK _2udc |
||